000 00583nam a2200169 4500
001 127515
003 ES-MaACL
007 t|
008 070214s1973 sp r ||||1| spa d
100 1 _aRiessen, Hendrik van.
_997162
245 1 0 _aEnfoque cristiano de la ciencia /
_cHendrik van Riessen.
260 _aBarcelona :
_bAsociación Cultural de Estudios de la Literatura Reformada,
_c1973.
300 _a70 p. ;
_c19 cm.
710 2 _aAsociación Cultural de Estudios de la Literatura Reformada (Barcelona)
_91535
852 _aES-MaACL
_jE-4883
_bR.87185
999 _c127515
_d127515